000 00544nam a2200193Ia 4500
005 20260114185708.0
008 008 260114s9999 xx 000 0 eng d
020 _a9780755624607
037 _aEBOOK
040 _aCRL
_beng
_cCRL
041 _aeng
_2eng
084 _qCRL
100 _aT.K. Taylor
_9873257
245 0 _aSunset of the Empire in Malaya
260 _bBloomsbury
_c2006
856 _uhttps://doi.org/10.5040/9780755624607?locatt=label:secondary_bloomsburyCollections
942 _cEBOOK
999 _c1472205
_d1472205